000 00507nam a2200157Ia 4500
999 _c17540
_d17540
003 OSt
005 20200606120044.0
008 190216s9999||||xx |||||||||||||| ||und||
040 _cMESKC library
082 _a891.4309
_bSHA/H
100 _aSharma, Devendranath
_9219
245 0 _aHindi Sahithya Ka Brehath Ithihas /
_cDevendranath Sharma ;Vijayedra Snathak
260 _bNagari Pracharini Sabha,
_aVaranasi:
300 _a585p
942 _cBK
_2ddc
_h891.4309
_iSHA/H
_k891.4309
_mSHA/H